Joaquín Vancells (Record no. 31498)

MARC details
000 -LEADER
campo de control de longitud fija 00492nam a2200157 i 4500
001 - NÚMERO DE CONTROL
campo de control 31498
003 - IDENTIFICADOR DE NÚMERO DE CONTROL
campo de control ES-MaACL
007 - CAMPO FIJO DE DESCRIPCIÓN FÍSICA--INFORMACIÓN GENERAL
campo de control de longitud fija t|
008 - DATOS DE LONGITUD FIJA--INFORMACIÓN GENERAL
campo de control de longitud fija 030129q1954 sp ||||1| spa d
100 1# - ENTRADA PRINCIPAL--NOMBRE DE PERSONA
Nombre de persona Benet, Rafael.
9 (RLIN) 27543
245 10 - MENCIÓN DEL TÍTULO
Título Joaquín Vancells
Resto del título : El hombre y el artista /
Mención de responsabilidad, etc. Rafael Benet.
260 ## - PUBLICACIÓN, DISTRIBUCIÓN, ETC.
Lugar de publicación, distribución, etc. Barcelona :
Nombre del editor, distribuidor, etc. Ediciones Figuras y paisajes,
Fecha de publicación, distribución, etc. [1954?] (
Fabricante Clarasó)
300 ## - DESCRIPCIÓN FÍSICA
Extensión 260 p., 38 lám. ;
Dimensiones 27 cm.
852 ## - LOCALIZACIÓN
Ubicación ES-MaACL
Número de control de estantería C-9172
Sublocalización o colección R.37052
852 ## - LOCALIZACIÓN
Ubicación ES-MaACL
Número de control de estantería C-8605
Sublocalización o colección R.36802
Holdings
Estatus retirado Estado de pérdida Estado de daño No para préstamo Biblioteca de origen Biblioteca actual Ubicación en estantería Fecha de adquisición Fuente de adquisición Total de préstamos Signatura topográfica completa Código de barras Visto por última vez Precio de reemplazo Tipo de ítem Koha
        Biblioteca del Ateneo de Madrid Biblioteca del Ateneo de Madrid Sala Palomar 17/01/2008     C-8605 1032551 23/02/2023 23/02/2023 Libro impreso
        Biblioteca del Ateneo de Madrid Biblioteca del Ateneo de Madrid Sala Palomar 17/01/2008     C-9172 1032550 23/02/2023 23/02/2023 Libro impreso